000 00475nam a22001697a 4500
003 OSt
005 20140310182805.0
008 130214t xxu||||| |||| 00| 0 eng d
020 _a9781848132887 (pbk.)
050 _aHQ 1181
_b.L975 2011
245 _aThe new maids :
_btransnational women and the care economy /
_cHelma Lutz.
260 _aLondon :
_bZed Books,
_c2011.
300 _a241 p. :
_c22 cm.
650 _aWomen
_xMaids
942 _2lcc
_cBK
_kFOR
999 _c16066
_d16066